|
|
|
|
| LEADER |
000000sb a2200000 a 4500 |
| 005 |
20230308203751.0 |
| 008 |
002071| ||||||||r|||||||||||spa|| |
| 022 |
|
|
|a 1137-6635
|
| 040 |
|
|
|b spa
|
| 041 |
0 |
|
|a Es
|
| 082 |
0 |
|
|a 617.605
|b 29826-5
|
| 100 |
1 |
|
|a Sculean, AntonDonos, NikolaosChiantella, Giovanni CarloWindisch, PeterBrecx, Michel
|9 278741
|
| 245 |
|
|
|a RTG con membranas biorreabsorbibles en el tratamiento de defectos intraóseos: un estudio clínico e histológico
|c Anton Sculean, et. al.
|h imp
|
| 264 |
|
|
|a Barcelona
|b Quintessence, S. L.
|c 1999
|
| 300 |
|
|
|a páginas: 499-507
|
| 300 |
|
|
|b ilus.
|
| 310 |
|
|
|a bimestral
|
| 362 |
|
|
|a 3; 5
|
| 520 |
3 |
|
|a El objetivo del presente estudio fue evaluar clínica e histológicamente el tratamiento de los defectos periodontales intraóseos con una membrana barrera biorreabsorbible.
|
| 650 |
1 |
|
|a Membranas biorreabsorbibles
|9 278742
|
| 650 |
1 |
|
|a Defectos intraoseos
|9 278475
|
| 650 |
1 |
|
|a Tratamiento periodontal
|9 107194
|
| 710 |
|
|
|a International Quintessence Publishing Group
|9 91976
|
| 773 |
0 |
|
|0 29826
|9 29826
|a Sculean, AntonDonos, NikolaosChiantella, Giovanni CarloWindisch, PeterBrecx, Michel International Quintessence Publishing Group
|d Barcelona Quintessence, S. L. 1999
|o 29826
|w 29826
|x 1137-6635
|t Revista Internacional de Odontología restauradora y Periodoncia
|6 29826
|
| 852 |
|
|
|a UC-SALUD
|c HEMEROTECA
|f Compra
|k luis.contrerase
|l 1
|m General
|p 20020718
|q $ 110
|b 0
|d CDRS
|e CDRS
|g 617.605 29826-5 HEMEROTECA
|z 2002-20-71
|
| 942 |
|
|
|c SERA
|
| 999 |
|
|
|c 106926
|d 106926
|